[Event "TSN 2022 - U12"]
[Site "Frydek-Mistek, Czech Republic"]
[Date "2022.04.14"]
[Round "1.1"]
[White "Stavova, Lucie"]
[Black "Kolar, Edvard"]
[Result "1-0"]
[WhiteElo "1068"]
[BlackElo "1563"]
[PlyCount "69"]
[EventDate "2022.??.??"]

1. e4 e6 2. d4 d5 3. e5 c5 4. c3 Nc6 5. Nf3 Qb6 6. Be3 Qxb2 7. Nbd2 Qxc3 8. Rc1
Qa5 9. Be2 cxd4 10. Nxd4 Nxd4 11. Bxd4 Bb4 12. Be3 Ne7 13. O-O d4 14. Nc4 Qd8
15. Bf4 O-O 16. a3 Bc5 17. Bg5 b5 18. Nd2 Bxa3 19. Ra1 Bc5 20. Bxb5 Bb7 21. Bd3
Qc7 22. Re1 h6 23. Bh4 Nd5 24. Qg4 f5 25. exf6 Nxf6 26. Qxe6+ Kh8 27. Qb3 Ng4
28. Bg3 Bd6 29. Qe6 Bxg3 30. fxg3 Ne3 31. Qg6 Kg8 32. Rac1 Qa5 33. Nc4 Qa2 34.
Nxe3 dxe3 35. Bc4+ 1-0

[Event "TSN 2022 - U12"]
[Site "Frydek-Mistek, Czech Republic"]
[Date "2022.04.14"]
[Round "1.2"]
[White "Buchtova, Viktorie"]
[Black "Zyla, Artur"]
[Result "1-0"]
[WhiteElo "1504"]
[BlackElo "1049"]
[PlyCount "33"]
[EventDate "2022.??.??"]

1. e4 e5 2. Nf3 Nc6 3. d4 exd4 4. c3 dxc3 5. Nxc3 d6 6. Bc4 Nf6 7. Qb3 Qe7 8.
Ng5 Ne5 9. Nd5 Nxd5 10. Bxd5 c6 11. f4 cxd5 12. fxe5 dxe4 13. exd6 Qd7 14. Bf4
f5 15. Rc1 e3 16. Rc7 Qd8 17. Qf7# 1-0

[Event "TSN 2022 - U12"]
[Site "Frydek-Mistek, Czech Republic"]
[Date "2022.04.14"]
[Round "1.3"]
[White "Belocky, Daniel"]
[Black "Horkova, Tereza"]
[Result "0-1"]
[WhiteElo "1047"]
[BlackElo "1448"]
[PlyCount "60"]
[EventDate "2022.??.??"]

1. d4 d5 2. c4 c6 3. Nf3 Nf6 4. Nc3 Qb6 5. e3 Bg4 6. Be2 dxc4 7. Bxc4 e6 8. O-O
Bb4 9. Bd2 O-O 10. Na4 Qa5 11. Bxb4 Qxb4 12. Be2 b5 13. Nc5 Qxb2 14. Nd3 Qa3
15. Qc2 Rc8 16. Rab1 Nbd7 17. Nb4 c5 18. dxc5 Rxc5 19. Qb3 Qxb3 20. Rxb3 a5 21.
Nd3 Rc2 22. Rb2 Rac8 23. Bd1 Rxb2 24. Nxb2 e5 25. a3 a4 26. Re1 Rc3 27. Be2 e4
28. Nd4 Bxe2 29. Rxe2 Rc1+ 30. Nd1 Rxd1+ 0-1

[Event "TSN 2022 - U15"]
[Site "Frydek-Mistek, Czech Republic"]
[Date "2022.04.14"]
[Round "1.1"]
[White "Tolmacevs, Romans"]
[Black "Fizer, Marek"]
[Result "0-1"]
[WhiteElo "1363"]
[BlackElo "1976"]
[PlyCount "110"]
[EventDate "2022.??.??"]

1. e4 c5 2. Nf3 a6 3. d4 cxd4 4. Nxd4 Nf6 5. Nc3 e5 6. Nb3 Bb4 7. f3 O-O 8. Bd2
Nc6 9. Bd3 Bxc3 10. Bxc3 d5 11. Qe2 d4 12. Bd2 Qe7 13. O-O-O b5 14. g4 Be6 15.
h4 Nb4 16. Bxb4 Qxb4 17. Kb1 a5 18. Nc1 a4 19. a3 Qc5 20. Na2 Bxa2+ 21. Kxa2
Rfb8 22. h5 b4 23. g5 bxa3 24. bxa3 Qc3 25. Rb1 Nxh5 26. g6 fxg6 27. Bc4+ Kh8
28. Bd5 Rxb1 29. Rxb1 Rc8 30. Rb2 Nf4 31. Qa6 d3 32. Bc4 Rd8 33. cxd3 h6 34.
Qb6 Qd4 35. Qxd4 exd4 36. Rb4 Ne2 37. Kb2 Nc3 38. Kc2 h5 39. Bf7 h4 40. Be6 Ne2
41. Bg4 Nf4 42. Kd2 Kg8 43. Rb7 h3 44. Rb1 Kf7 45. Kc2 Kf6 46. Rh1 Rh8 47. Rh2
Kg5 48. e5 Kh4 49. Rh1 Kg3 50. Bd7 h2 51. e6 Nd5 52. Bc6 Rc8 53. Kd2 Rxc6 54.
Re1 Ne3 55. e7 Rc2# 0-1

[Event "TSN 2022 - U15"]
[Site "Frydek-Mistek, Czech Republic"]
[Date "2022.04.14"]
[Round "1.2"]
[White "Buchta, Bartolomej"]
[Black "Boff, Vojtech"]
[Result "1-0"]
[WhiteElo "1892"]
[BlackElo "1327"]
[PlyCount "47"]
[EventDate "2022.??.??"]

1. e4 c5 2. Nf3 Nc6 3. d4 cxd4 4. Nxd4 Nf6 5. Nc3 d6 6. h3 e6 7. g4 h6 8. Bg2
Be7 9. O-O O-O 10. Be3 a6 11. f4 e5 12. Nde2 Qc7 13. f5 b5 14. Ng3 Bb7 15. Nd5
Nxd5 16. exd5 Nb8 17. Bxh6 Bh4 18. Bxg7 Kxg7 19. f6+ Kh7 20. Be4+ Kh8 21. Qd2
Qc5+ 22. Kh1 Rc8 23. Qh6+ Kg8 24. Qg7# 1-0

[Event "TSN 2022 - U15"]
[Site "Frydek-Mistek, Czech Republic"]
[Date "2022.04.14"]
[Round "1.3"]
[White "Pospisil, Michal"]
[Black "Pressler, Tobias"]
[Result "0-1"]
[WhiteElo "1323"]
[BlackElo "1862"]
[PlyCount "50"]
[EventDate "2022.??.??"]

1. e4 c5 2. Nf3 Nc6 3. d4 cxd4 4. Nxd4 g6 5. Nc3 Bg7 6. Be3 Nf6 7. Bc4 Qa5 8.
O-O O-O 9. Bb3 d6 10. Re1 Ng4 11. Nxc6 bxc6 12. Qd2 Nxe3 13. Rxe3 Bh6 14. Rae1
Bd7 15. Qd3 Bxe3 16. Rxe3 Rab8 17. Rg3 Qe5 18. Qe3 Be6 19. f4 Qc5 20. Qxc5 dxc5
21. f5 Bxb3 22. cxb3 c4 23. e5 cxb3 24. axb3 Rxb3 25. Nd5 Rb7 0-1

[Event "TSN 2022 - U12"]
[Site "Frydek-Mistek, Czech Republic"]
[Date "2022.04.14"]
[Round "2.1"]
[White "Hudak, Michal"]
[Black "Buchtova, Viktorie"]
[Result "0-1"]
[WhiteElo "1197"]
[BlackElo "1504"]
[PlyCount "84"]
[EventDate "2022.??.??"]

1. d4 Nf6 2. Nf3 e6 3. e3 b6 4. Bd3 Bb7 5. a3 c5 6. c3 Qc7 7. Nbd2 d5 8. O-O
Bd6 9. Re1 O-O 10. e4 dxe4 11. Nxe4 Nxe4 12. Bxe4 Bxe4 13. Rxe4 Nd7 14. Bg5
Rae8 15. Qd3 h6 16. Rh4 f5 17. Be3 Nf6 18. dxc5 bxc5 19. Rc4 Rd8 20. Qe2 g5 21.
b4 Nd7 22. Bxc5 Nxc5 23. bxc5 Bxc5 24. Qxe6+ Kg7 25. Qe3 Rc8 26. Qe2 Bxf2+ 27.
Kxf2 Qxc4 28. Qxc4 Rxc4 29. Rd1 Rxc3 30. a4 Rc2+ 31. Kg3 f4+ 32. Kh3 Kg6 33.
Ne5+ Kf5 34. Rd5 Ke4 35. Rb5 Rf5 36. Nf3 g4+ 37. Kh4 gxf3 38. gxf3+ Kxf3 39.
Kh3 Rxb5 40. axb5 Rb2 41. b6 axb6 42. Kh4 Rxh2# 0-1

[Event "TSN 2022 - U12"]
[Site "Frydek-Mistek, Czech Republic"]
[Date "2022.04.14"]
[Round "2.2"]
[White "Horkova, Tereza"]
[Black "Lackova, Lucie"]
[Result "1-0"]
[WhiteElo "1448"]
[BlackElo "1225"]
[PlyCount "105"]
[EventDate "2022.??.??"]

1. e4 e5 2. Nf3 Nc6 3. Bc4 Nf6 4. Ng5 d5 5. exd5 Na5 6. Bb5+ c6 7. dxc6 bxc6 8.
Bd3 h6 9. Ne4 Be7 10. O-O O-O 11. Nxf6+ Bxf6 12. Re1 Nb7 13. Qf3 Bd7 14. Nc3
Nd6 15. b3 Qc7 16. Bb2 Rfe8 17. Ne4 Bd8 18. Nc5 f6 19. Nxd7 Qxd7 20. Rad1 Kh8
21. Bg6 Rf8 22. d4 exd4 23. Bxd4 Qb7 24. Bc5 Be7 25. Rxe7 Qxe7 26. Bxd6 Qb7 27.
Bxf8 Rxf8 28. h3 Rc8 29. Qd3 Qb6 30. Qd7 Qb8 31. Re1 Rg8 32. Qxc6 Qd8 33. Re8
Rxe8 34. Qxe8+ Qxe8 35. Bxe8 Kg8 36. c4 Kf8 37. Bh5 Ke7 38. c5 Kd7 39. b4 Kc6
40. Bf3+ Kc7 41. b5 f5 42. a4 f4 43. a5 g6 44. b6+ axb6 45. cxb6+ Kb8 46. a6 g5
47. a7+ Kc8 48. a8=Q+ Kd7 49. Qc6+ Ke7 50. b7 Kf8 51. b8=Q+ Ke7 52. Qbb7+ Kf8
53. Qcc8# 1-0

[Event "TSN 2022 - U12"]
[Site "Frydek-Mistek, Czech Republic"]
[Date "2022.04.14"]
[Round "2.3"]
[White "Zabrzanski, Marcin"]
[Black "Topencik, Bruno"]
[Result "1-0"]
[WhiteElo "1167"]
[BlackElo "1349"]
[PlyCount "65"]
[EventDate "2022.??.??"]

1. e4 e5 2. Nf3 Nc6 3. Bc4 Bc5 4. d3 h6 5. Nc3 Nf6 6. h3 d6 7. O-O Be6 8. Bb3
O-O 9. Be3 Bb6 10. Qd2 Kh7 11. Rad1 Re8 12. Ne2 Qd7 13. Kh2 Rad8 14. Ng3 d5 15.
Bxb6 axb6 16. Rfe1 d4 17. Nh4 g6 18. Nf3 Ra8 19. Ra1 Ra7 20. Bxe6 Qxe6 21. a3
Ne7 22. Rec1 c5 23. c4 Rea8 24. Qc2 Nd7 25. Qb3 Qc6 26. Kg1 Ra5 27. Kh2 b5 28.
cxb5 Qxb5 29. Qxf7+ Kh8 30. Qxe7 R5a6 31. Nxe5 Nxe5 32. Qxe5+ Kh7 33. Rxc5 1-0

[Event "TSN 2022 - U15"]
[Site "Frydek-Mistek, Czech Republic"]
[Date "2022.04.14"]
[Round "2.1"]
[White "Fizer, Marek"]
[Black "Kristl, Simon"]
[Result "1-0"]
[WhiteElo "1976"]
[BlackElo "1483"]
[PlyCount "103"]
[EventDate "2022.??.??"]

1. e4 c5 2. Nf3 Nc6 3. d4 cxd4 4. Nxd4 e5 5. Nb5 a6 6. Nd6+ Bxd6 7. Qxd6 Qf6 8.
Qxf6 Nxf6 9. Nc3 Nb4 10. Bd3 Nxd3+ 11. cxd3 h6 12. f4 d6 13. O-O O-O 14. fxe5
dxe5 15. Bxh6 gxh6 16. Rxf6 Kg7 17. Raf1 Be6 18. Ne2 Rfd8 19. R6f3 Rd7 20. Rg3+
Kh7 21. Nc3 Rad8 22. Nd5 Bxd5 23. exd5 Re7 24. Rf6 Rxd5 25. Rh3 Red7 26. Rfxh6+
Kg7 27. Rb6 Rc7 28. Rg3+ Kh7 29. Kf2 Rc2+ 30. Ke3 Rb5 31. Rf6 Rbxb2 32. Rxf7+
Kh8 33. Rfg7 Rxa2 34. R7g5 Rc7 35. Rh5+ Rh7 36. Rxe5 Rxh2 37. Reg5 b5 38. Rg8+
Kh7 39. R3g7+ Kh6 40. g4 b4 41. g5+ Kh5 42. Rh7+ Kg4 43. g6 Kg5 44. Rb7 Rhe2+
45. Kd4 b3 46. g7 Ra4+ 47. Kc3 Rc2+ 48. Kxb3 Raa2 49. Rgb8 Rab2+ 50. Ka3 Ra2+
51. Kb4 Rab2+ 52. Ka5 1-0

[Event "TSN 2022 - U15"]
[Site "Frydek-Mistek, Czech Republic"]
[Date "2022.04.14"]
[Round "2.2"]
[White "Sokhor, Nazar"]
[Black "Buchta, Bartolomej"]
[Result "0-1"]
[WhiteElo "1478"]
[BlackElo "1892"]
[PlyCount "82"]
[EventDate "2022.??.??"]

1. d4 Nf6 2. Bf4 e6 3. e3 d5 4. Nd2 c5 5. c3 Bd6 6. Bg3 Qc7 7. Ngf3 Nbd7 8. Bd3
O-O 9. Bxd6 Qxd6 10. O-O e5 11. dxe5 Nxe5 12. Be2 Rd8 13. Qc2 g6 14. Nxe5 Qxe5
15. Rad1 b6 16. Rfe1 Bb7 17. Bf3 Qc7 18. e4 dxe4 19. Nxe4 Bxe4 20. Bxe4 Rxd1
21. Rxd1 Nxe4 22. Qxe4 Rd8 23. Rxd8+ Qxd8 24. g3 Qd2 25. Qe8+ Kg7 26. Qe5+ Kh6
27. f4 Qc1+ 28. Kg2 Qxb2+ 29. Kh3 Qxa2 30. g4 Qe6 31. Qh8 Qe3+ 32. Kh4 g5+ 33.
fxg5+ Qxg5+ 34. Kg3 Qg7 35. Qd8 Qxc3+ 36. Kh4 Qe1+ 37. Kh3 Qf1+ 38. Kh4 Qf2+
39. Kh3 Qe3+ 40. Kh4 Kg7 41. g5 Qd4+ 0-1

[Event "TSN 2022 - U15"]
[Site "Frydek-Mistek, Czech Republic"]
[Date "2022.04.14"]
[Round "2.3"]
[White "Pressler, Tobias"]
[Black "Sikorova, Jana"]
[Result "0-1"]
[WhiteElo "1862"]
[BlackElo "1460"]
[PlyCount "70"]
[EventDate "2022.??.??"]

1. d4 d5 2. Nf3 Nf6 3. e3 c5 4. Bd3 Nc6 5. c3 Bg4 6. Nbd2 e6 7. O-O Bd6 8. h3
Bh5 9. dxc5 Bxc5 10. e4 O-O 11. Qc2 dxe4 12. Nxe4 Bxf3 13. Nxc5 Qd5 14. gxf3
Qxc5 15. Be3 Qe7 16. Rad1 Rfd8 17. Qa4 Rd5 18. c4 Ra5 19. Qb3 Rd8 20. c5 Nd5
21. Bb5 Ne5 22. f4 Nf3+ 23. Kg2 Nh4+ 24. Kh2 Nxe3 25. fxe3 a6 26. Rxd8+ Qxd8
27. Rd1 Qf6 28. Qc3 Rxb5 29. c6 bxc6 30. Qxc6 Qxb2+ 31. Kg3 Nf5+ 32. Kf3 g6 33.
Qe8+ Kg7 34. Rd8 Nh4+ 35. Ke4 Qc2+ 0-1

[Event "TSN 2022 - U9"]
[Site "Frydek-Mistek, Czech Republic"]
[Date "2022.04.15"]
[Round "3.1"]
[White "Janeczek, Maksymilian"]
[Black "Haasova, Nina"]
[Result "1/2-1/2"]
[WhiteElo "1117"]
[BlackElo "1270"]
[PlyCount "52"]
[EventDate "2022.??.??"]

1. e4 d6 2. d4 Nf6 3. Nc3 g6 4. Be3 Bg7 5. Nf3 Nc6 6. Bb5 O-O 7. Bxc6 bxc6 8.
h3 Rb8 9. Rb1 Ba6 10. b4 d5 11. e5 Ne4 12. Nxe4 dxe4 13. Nd2 Qd5 14. a4 Qa2 15.
Ra1 Qb2 16. Rb1 Qa3 17. Rb3 Qxa4 18. Nxe4 Bc4 19. Nc3 Qa6 20. Rb1 Qa3 21. Bd2
Rxb4 22. Rxb4 Qxb4 23. Nd5 Qa3 24. Bb4 Qb2 25. Nxe7+ Kh8 26. Nxc6 Re8 1/2-1/2

[Event "TSN 2022 - U12"]
[Site "Frydek-Mistek, Czech Republic"]
[Date "2022.04.15"]
[Round "3.1"]
[White "Buchtova, Viktorie"]
[Black "Stefaniv, Vladislav"]
[Result "1-0"]
[WhiteElo "1504"]
[BlackElo "1308"]
[PlyCount "99"]
[EventDate "2022.??.??"]

1. e4 e6 2. d4 d5 3. exd5 exd5 4. c4 Bb4+ 5. Nc3 Nf6 6. Bg5 Qe7+ 7. Qe2 Qxe2+
8. Ngxe2 dxc4 9. Bxf6 gxf6 10. Nf4 O-O 11. Nfd5 Ba5 12. Nxf6+ Kg7 13. Nfd5 Be6
14. Bxc4 Rd8 15. Ne3 Bxc4 16. Nxc4 Bb6 17. d5 Bc5 18. O-O Nd7 19. Rad1 Nf6 20.
Nb5 Nxd5 21. Rxd5 Rxd5 22. Nxc7 Rd4 23. Nxa8 Rxc4 24. Nc7 Bxf2+ 25. Rxf2 Rxc7
26. Re2 Kf6 27. Kf2 Rd7 28. Kg3 Kg6 29. Kh4 Rd4+ 30. Kg3 Rd3+ 31. Kf4 Rd7 32.
h4 Rd4+ 33. Kg3 Rd3+ 34. Kh2 Rd7 35. Kh3 Rd3+ 36. g3 Rd7 37. Rf2 h5 38. Kg2 Re7
39. Rd2 f6 40. Kf3 Re5 41. a4 b5 42. b3 bxa4 43. bxa4 Ra5 44. Rd4 Re5 45. Kf4
Re1 46. Rd5 Re6 47. a5 a6 48. Rc5 Rd6 49. Ke4 Re6+ 50. Kd5 1-0

[Event "TSN 2022 - U12"]
[Site "Frydek-Mistek, Czech Republic"]
[Date "2022.04.15"]
[Round "3.2"]
[White "Vancakova, Veronika"]
[Black "Horkova, Tereza"]
[Result "0-1"]
[WhiteElo "1300"]
[BlackElo "1448"]
[PlyCount "138"]
[EventDate "2022.??.??"]

1. d4 d5 2. c4 c6 3. Nc3 Nf6 4. Nf3 Qb6 5. cxd5 cxd5 6. e3 Bg4 7. Be2 e6 8. h3
Bh5 9. Ne5 Bxe2 10. Qxe2 Bb4 11. Bd2 O-O 12. O-O Nc6 13. Na4 Qa5 14. Nxc6 bxc6
15. Bxb4 Qxb4 16. Nc5 Rfe8 17. Rfc1 Rac8 18. Rc2 Re7 19. f4 Nd7 20. Qa6 Nb6 21.
Nd3 Qd6 22. Rac1 Rec7 23. b3 f6 24. Qa5 Nd7 25. Nc5 Nxc5 26. Qxc5 Qxc5 27. Rxc5
Kf7 28. Kf2 Kg6 29. b4 Rb7 30. b5 Kf7 31. bxc6 Rbc7 32. Rb1 Ke7 33. Rb7 Kd6 34.
Ra5 Ra8 35. Ra6 f5 36. Kf3 g6 37. Ke2 h5 38. g3 Rxc6 39. Raxa7 Rc2+ 40. Kf3
Rxa2 41. Rxa2 Rxa2 42. Rg7 h4 43. Rxg6 Rh2 44. Rh6 Rxh3 45. Rxh4 Rxh4 46. gxh4
Ke7 47. h5 Kf7 48. Ke2 Kg7 49. Kd2 Kh6 50. Kc3 Kxh5 51. Kb4 Kg4 52. Kc5 Kf3 53.
Kd6 Kxe3 54. Kxe6 Ke4 55. Kd6 Kxd4 56. Kc6 Ke4 57. Kc5 d4 58. Kc4 Ke3 59. Kd5
d3 60. Ke5 d2 61. Kxf5 d1=Q 62. Kg5 Qg1+ 63. Kf5 Qg3 64. Kf6 Qxf4+ 65. Kg7 Qf5
66. Kh8 Ke4 67. Kg8 Ke5 68. Kg7 Ke6 69. Kh8 Qg5 0-1

[Event "TSN 2022 - U12"]
[Site "Frydek-Mistek, Czech Republic"]
[Date "2022.04.15"]
[Round "3.3"]
[White "Zabrzanski, Marcin"]
[Black "Kotisa, Jan"]
[Result "0-1"]
[WhiteElo "1167"]
[BlackElo "1322"]
[PlyCount "66"]
[EventDate "2022.??.??"]

1. e4 c5 2. Nf3 Nc6 3. d4 cxd4 4. Nxd4 Nf6 5. Nc3 e5 6. Nb3 Bb4 7. Bd3 d5 8.
exd5 Nxd5 9. Bd2 Nxc3 10. bxc3 Be7 11. O-O Be6 12. Re1 Bf6 13. Bb5 O-O 14. Nc5
Qe7 15. Ne4 Bf5 16. Nxf6+ Qxf6 17. Bxc6 bxc6 18. Qc1 Rfe8 19. Re3 Bg6 20. Re2
Rab8 21. Rb1 Qd6 22. Be3 Rxb1 23. Qxb1 Qb8 24. Qxb8 Rxb8 25. h3 a6 26. Ba7 Rb7
27. Rxe5 f6 28. Re6 Rxa7 29. Rxc6 Bxc2 30. Rc8+ Kf7 31. c4 Bf5 32. Rc5 Be6 33.
Rc6 Ke7 0-1

[Event "TSN 2022 - U15"]
[Site "Frydek-Mistek, Czech Republic"]
[Date "2022.04.15"]
[Round "3.1"]
[White "Osina, Jaromir"]
[Black "Fizer, Marek"]
[Result "0-1"]
[WhiteElo "1535"]
[BlackElo "1976"]
[PlyCount "62"]
[EventDate "2022.??.??"]

1. d4 Nf6 2. c4 e6 3. Nc3 Bb4 4. Qc2 d5 5. Bg5 h6 6. Bxf6 Qxf6 7. Nf3 O-O 8. e3
c5 9. cxd5 cxd4 10. Nxd4 exd5 11. Rc1 Nc6 12. Nxc6 bxc6 13. Be2 Bf5 14. Qa4
Rab8 15. O-O Bxc3 16. bxc3 Rb2 17. Bf3 Bd3 18. Rfd1 Be4 19. Rf1 Bxf3 20. gxf3
Qxf3 21. Qa3 Rb5 22. Qd6 d4 23. Rfe1 Rg5+ 24. Kf1 dxe3 25. Rxe3 Qh1+ 26. Ke2
Qxc1 27. Qxc6 Qc2+ 28. Kf3 Rf5+ 29. Kg4 Qxf2 30. Re8 Rf4+ 31. Kh3 Rh4# 0-1

[Event "TSN 2022 - U15"]
[Site "Frydek-Mistek, Czech Republic"]
[Date "2022.04.15"]
[Round "3.2"]
[White "Buchta, Bartolomej"]
[Black "Mrazek, Adam"]
[Result "1-0"]
[WhiteElo "1892"]
[BlackElo "1538"]
[PlyCount "47"]
[EventDate "2022.??.??"]

1. e4 c5 2. Nf3 Nc6 3. d4 cxd4 4. Nxd4 g6 5. Nc3 Bg7 6. Be3 Nf6 7. Bc4 O-O 8.
Bb3 d6 9. f3 Bd7 10. Qd2 Nxd4 11. Bxd4 b5 12. Nd5 Nxd5 13. Bxg7 Kxg7 14. exd5
Qb6 15. O-O-O a5 16. a3 b4 17. a4 Rac8 18. h4 h5 19. g4 hxg4 20. h5 Rh8 21.
hxg6 fxg6 22. Qg5 Kf7 23. Rde1 Rxh1 24. Qxe7+ 1-0

[Event "TSN 2022 - U15"]
[Site "Frydek-Mistek, Czech Republic"]
[Date "2022.04.15"]
[Round "3.3"]
[White "Vasinek, Martin"]
[Black "Zezula, Matej"]
[Result "1-0"]
[WhiteElo "1776"]
[BlackElo "1487"]
[PlyCount "47"]
[EventDate "2022.??.??"]

1. d4 d5 2. c4 e6 3. Nf3 c5 4. e3 Nf6 5. Nc3 Nc6 6. Be2 Be7 7. O-O O-O 8. b3 b6
9. Bb2 Bb7 10. Rc1 Rc8 11. cxd5 exd5 12. Qc2 cxd4 13. exd4 Re8 14. Rfe1 Ne4 15.
Nxd5 Nb4 16. Nxe7+ Qxe7 17. Qb1 Rxc1 18. Qxc1 Rc8 19. Qb1 Nf6 20. Bc4 Qd7 21.
Ne5 Qc7 22. Nxf7 Kf8 23. Ng5 Nbd5 24. Ne6+ 1-0

[Event "TSN 2022 - U9"]
[Site "Frydek-Mistek, Czech Republic"]
[Date "2022.04.15"]
[Round "4.3"]
[White "Fadrny, Jachym"]
[Black "Janeczek, Maksymilian"]
[Result "1-0"]
[WhiteElo "1172"]
[BlackElo "1117"]
[PlyCount "113"]
[EventDate "2022.??.??"]

1. d4 d5 2. Nf3 Nf6 3. c4 e6 4. Nc3 b6 5. Bg5 Bb7 6. Qc2 Be7 7. cxd5 Nxd5 8.
Nxd5 Bxd5 9. Bxe7 Qxe7 10. a3 O-O 11. Rc1 Rc8 12. e4 Bb7 13. Bd3 c5 14. O-O Nd7
15. Qe2 cxd4 16. Nxd4 Qf6 17. Nb5 Qg5 18. Rxc8+ Bxc8 19. f4 Qc5+ 20. Qf2 g6 21.
b4 Qxf2+ 22. Kxf2 Ba6 23. Rc1 Bxb5 24. Bxb5 Nf6 25. Kf3 a6 26. Bc6 Rd8 27. e5
Nd5 28. Rd1 b5 29. Rd3 Kf8 30. g4 Ke7 31. f5 exf5 32. Rxd5 fxg4+ 33. Kxg4 Rxd5
34. Bxd5 f6 35. exf6+ Kxf6 36. Bb7 h5+ 37. Kf3 g5 38. h3 Kf5 39. Bxa6 g4+ 40.
hxg4+ hxg4+ 41. Kg3 Ke5 42. Bxb5 Kd6 43. a4 Kc7 44. a5 Kb7 45. Kxg4 Ka7 46. Bc6
Ka6 47. Kf5 Ka7 48. b5 Kb8 49. b6 Kc8 50. a6 Kd8 51. a7 Ke7 52. a8=Q Kd6 53.
Qa5 Ke7 54. Qd5 Kf8 55. Qd7 Kg8 56. Kg6 Kh8 57. Qh7# 1-0

[Event "TSN 2022 - U12"]
[Site "Frydek-Mistek, Czech Republic"]
[Date "2022.04.15"]
[Round "4.1"]
[White "Horkova, Tereza"]
[Black "Buchtova, Viktorie"]
[Result "1-0"]
[WhiteElo "1448"]
[BlackElo "1504"]
[PlyCount "89"]
[EventDate "2022.??.??"]

1. e4 c5 2. c3 Nf6 3. e5 Nd5 4. d4 cxd4 5. cxd4 e6 6. Bc4 d6 7. Nf3 Nc6 8. O-O
Be7 9. Bxd5 exd5 10. Nc3 Be6 11. Be3 O-O 12. Qd2 a6 13. a3 Rc8 14. b4 Bg4 15.
Nxd5 Bxf3 16. Nxe7+ Qxe7 17. exd6 Qxd6 18. gxf3 Rfd8 19. Rad1 Ne5 20. Qe2 Nc4
21. Rd3 Qf6 22. Kh1 Qf5 23. f4 b5 24. Rg1 g6 25. Rg5 Qf6 26. Rc5 Qd6 27. Qg4
Rxc5 28. bxc5 Qc7 29. f5 Kg7 30. f6+ Kg8 31. Qg5 Ne5 32. d5 Kf8 33. Bf4 Qxc5
34. Qxe5 h5 35. Bh6+ Kg8 36. Re3 Qc2 37. Kg2 Qc4 38. Qe4 Qa2 39. Bg7 g5 40. d6
Rxd6 41. Qe8+ Kh7 42. Qh8+ Kg6 43. Qh6+ Kf5 44. Qh7+ Kf4 45. Qe4# 1-0

[Event "TSN 2022 - U12"]
[Site "Frydek-Mistek, Czech Republic"]
[Date "2022.04.15"]
[Round "4.2"]
[White "Kotisa, Jan"]
[Black "Komarek, Tobias"]
[Result "0-1"]
[WhiteElo "1322"]
[BlackElo "1308"]
[PlyCount "72"]
[EventDate "2022.??.??"]

1. e4 c5 2. Nf3 d6 3. d4 cxd4 4. Nxd4 Nf6 5. Nc3 g6 6. Be3 Bg7 7. Be2 O-O 8.
O-O Bd7 9. Qd2 Nc6 10. Nxc6 Bxc6 11. Bf3 Rc8 12. Bh6 Bxh6 13. Qxh6 Qb6 14. Rab1
Nd7 15. Qd2 Ne5 16. Be2 a6 17. Kh1 Qa7 18. f4 Nd7 19. Rbc1 Nc5 20. Qe3 Qb8 21.
Rf3 b5 22. Rh3 Qb7 23. Bd3 f5 24. Re1 fxe4 25. Bxe4 Nxe4 26. Nxe4 Bxe4 27. Qxe4
Qxe4 28. Rxe4 Rxc2 29. Kg1 e5 30. Rf3 Rxf4 31. Rfxf4 exf4 32. Rxf4 Rxb2 33. Rf6
Rxa2 34. Rxd6 b4 35. Rb6 a5 36. Rb5 Ra3 0-1

[Event "TSN 2022 - U15"]
[Site "Frydek-Mistek, Czech Republic"]
[Date "2022.04.15"]
[Round "4.1"]
[White "Fizer, Marek"]
[Black "Vasinek, Martin"]
[Result "0-1"]
[WhiteElo "1976"]
[BlackElo "1776"]
[PlyCount "108"]
[EventDate "2022.??.??"]

1. e4 c5 2. Nc3 Nc6 3. Bb5 d6 4. f4 Bd7 5. Nf3 g6 6. d3 Bg7 7. Bxc6 Bxc6 8. O-O
e6 9. f5 exf5 10. exf5 Ne7 11. Qe1 O-O 12. fxg6 Nxg6 13. Qg3 Qd7 14. Kh1 b5 15.
Bd2 Rae8 16. Rae1 b4 17. Nd1 f5 18. c3 a5 19. a3 b3 20. c4 a4 21. Bc3 f4 22.
Qf2 Bxf3 23. Qxf3 Ne5 24. Qd5+ Kh8 25. Re4 f3 26. gxf3 Qh3 27. Rf2 Qh6 28. Bd2
Qh5 29. Ne3 Qg6 30. Rg2 Qf6 31. f4 Qh6 32. fxe5 Bxe5 33. Reg4 Qh3 34. Nf5 Bxb2
35. R4g3 Qh5 36. Rg5 Qh3 37. R5g3 Qh5 38. Rg5 Qh3 39. Be3 Be5 40. Bg1 b2 41.
Ne7 Qxg2+ 42. Qxg2 b1=Q 43. Ng6+ hxg6 44. Rxg6 Re7 45. Rh6+ Rh7 46. Rxh7+ Kxh7
47. Qh3+ Kg8 48. Qe6+ Rf7 49. Qc8+ Kg7 50. Qg4+ Kf6 51. Qh4+ Ke6 52. Qg4+ Ke7
53. Qh4+ Kd7 54. Qg4+ Kc7 0-1

[Event "TSN 2022 - U15"]
[Site "Frydek-Mistek, Czech Republic"]
[Date "2022.04.15"]
[Round "4.2"]
[White "Langmaier, Michal"]
[Black "Buchta, Bartolomej"]
[Result "0-1"]
[WhiteElo "1485"]
[BlackElo "1892"]
[PlyCount "74"]
[EventDate "2022.??.??"]

1. d4 Nf6 2. c4 e6 3. Nf3 b6 4. g3 Bb7 5. Bg2 c5 6. O-O d5 7. cxd5 Bxd5 8. Bg5
h6 9. Bxf6 Qxf6 10. Nc3 Bb7 11. e4 cxd4 12. Nxd4 Qd8 13. Qa4+ Nd7 14. Rfd1 a6
15. Rac1 Bc5 16. Nf3 f6 17. Rd2 Rc8 18. Rcd1 Rc7 19. Qb3 Qe7 20. Nh4 Ne5 21.
Rd8+ Qxd8 22. Rxd8+ Kxd8 23. Qxe6 Re8 24. Qb3 Rd7 25. Nd5 Bxd5 26. exd5 g6 27.
Kf1 Rde7 28. d6 Re6 29. Bd5 Rxd6 30. a4 Ng4 31. Bf7 Re4 32. Bxg6 Rb4 33. Qg8+
Kc7 34. Qf7+ Rd7 35. Qe6 Re7 36. Qf5 Bxf2 37. Nf3 Ne3+ 0-1

[Event "TSN 2022 - U15"]
[Site "Frydek-Mistek, Czech Republic"]
[Date "2022.04.15"]
[Round "4.3"]
[White "Mrazek, Adam"]
[Black "Sikorova, Jana"]
[Result "1/2-1/2"]
[WhiteElo "1538"]
[BlackElo "1460"]
[PlyCount "127"]
[EventDate "2022.??.??"]

1. d4 c5 2. e3 cxd4 3. exd4 Nf6 4. Nf3 g6 5. Bd3 Bg7 6. O-O O-O 7. Bf4 Nc6 8.
c3 d6 9. Re1 a6 10. a4 Qb6 11. b4 Nd5 12. Bg5 h6 13. Bd2 e5 14. dxe5 dxe5 15.
Be4 Be6 16. Qc1 Kh7 17. Na3 Rac8 18. Qb2 Rfd8 19. h4 f5 20. Bxd5 Bxd5 21. Be3
Qc7 22. Rad1 Bxf3 23. gxf3 Rxd1 24. Rxd1 Rd8 25. Qe2 Bf6 26. Rxd8 Qxd8 27. Qd2
Qxd2 28. Bxd2 Bxh4 29. Nc4 Be7 30. b5 axb5 31. axb5 Na7 32. Nxe5 Nxb5 33. Kg2
Bf6 34. f4 g5 35. c4 gxf4 36. Bxf4 Nd6 37. Nd7 Be7 38. Nf6+ Kg6 39. Nd5 Bf8 40.
Nb6 h5 41. Kf3 Ne4 42. Nd7 Bd6 43. Be3 Ng5+ 44. Kg2 Ne6 45. c5 Bf4 46. Bxf4
Nxf4+ 47. Kf3 Nd3 48. Ke3 Nb4 49. Kf4 Nd5+ 50. Ke5 Ne7 51. Kf4 h4 52. Ne5+ Kf6
53. Nc4 Ke6 54. Na5 Nd5+ 55. Kf3 b6 56. cxb6 Nxb6 57. Nc6 Nd5 58. Nd4+ Kf6 59.
Nc6 h3 60. Kg3 Nf4 61. Nd4 Ke5 62. Nf3+ Ke4 63. Ng5+ Ke5 64. Nf3+ 1/2-1/2

[Event "TSN 2022 - U9"]
[Site "Frydek-Mistek, Czech Republic"]
[Date "2022.04.16"]
[Round "5.1"]
[White "Martikanova, Amalie"]
[Black "Haasova, Nina"]
[Result "1-0"]
[WhiteElo "1245"]
[BlackElo "1270"]
[PlyCount "107"]
[EventDate "2022.??.??"]

1. e4 d6 2. d4 Nf6 3. Nc3 g6 4. Bc4 Bg7 5. Nf3 O-O 6. h3 c6 7. d5 c5 8. O-O a6
9. a4 Nbd7 10. Be3 Ne5 11. Nxe5 dxe5 12. Qd2 b6 13. Bh6 a5 14. Bxg7 Kxg7 15.
Rfe1 Ba6 16. Bxa6 Rxa6 17. Re3 Ra7 18. Rg3 Nh5 19. Rg5 Qd6 20. Nb5 Qd7 21. Nxa7
Qxa7 22. Qe2 h6 23. Rg4 Qd7 24. Qf3 f5 25. Rh4 fxe4 26. Qxe4 Qd6 27. Ra3 Qf6
28. Rf3 Nf4 29. Rg4 g5 30. h4 Rf7 31. Rfg3 Kf8 32. hxg5 hxg5 33. Rxg5 Ke8 34.
Rxe5 Qh4 35. Rg8+ Kd7 36. d6 Kxd6 37. Rd8+ Kc7 38. Qa8 Qg4 39. Qb8+ Kc6 40.
Rc8+ Qxc8 41. Qxc8+ Kd6 42. Qb8+ Kc6 43. Qe8+ Kd6 44. Qxf7 Kxe5 45. Qxe7+ Ne6
46. f4+ Kxf4 47. Qxe6 b5 48. axb5 a4 49. b6 a3 50. bxa3 c4 51. b7 Kg5 52. b8=Q
c3 53. Qbg8+ Kh5 54. Qh3# 1-0